Zambia Congress of Trade Unions : golden jubilee : celebrating 50 years of excellence (Record no. 83381)
[ view plain ]
| 000 -LEADER | |
|---|---|
| fixed length control field | 00780nam a2200157 a 4500 |
| 008 - FIXED-LENGTH DATA ELEMENTS--GENERAL INFORMATION | |
| fixed length control field | 210611s2016 xx |||||||||||||| || u |
| 050 ## - LIBRARY OF CONGRESS CALL NUMBER | |
| Classification number | ZCTU(02)2016 |
| 110 ## - MAIN ENTRY--CORPORATE NAME | |
| Corporate name or jurisdiction name as entry element | Zambia Congress of Trade Union |
| 245 10 - TITLE STATEMENT | |
| Title | Zambia Congress of Trade Unions : golden jubilee : celebrating 50 years of excellence |
| Statement of responsibility, etc. | By Zambia of Congress Trade Union(ZCTU) |
| 260 ## - PUBLICATION, DISTRIBUTION, ETC. | |
| Place of publication, distribution, etc. | |
| Name of publisher, distributor, etc. | Zambia Congress of Trade Unions |
| Date of publication, distribution, etc. | 2016 |
| 650 ## - SUBJECT ADDED ENTRY--TOPICAL TERM | |
| Topical term or geographic name entry element | LABOUR PRODUCTIVITY |
| 650 ## - SUBJECT ADDED ENTRY--TOPICAL TERM | |
| Topical term or geographic name entry element | LABOUR UNIONS--ZAMBIA |
| 650 #0 - SUBJECT ADDED ENTRY--TOPICAL TERM | |
| Topical term or geographic name entry element | ZAMBIA--ECONOMIC POLICY |
| 995 ## - | |
| -- | SPECIAL COLLECTIONS |
| -- | 4541 |
| -- | CBU-MAIN LIBRARY (Kitwe) |
| -- | ZCTU(02)2016/1B |
| -- | 2 |
| -- | AVAILABLE |
| -- | Nov 22, 2021 |
| -- | B4541 |
| -- | Zambiana Collection |
| 995 ## - | |
| -- | SPECIAL COLLECTIONS |
| -- | 4540 |
| -- | CBU-MAIN LIBRARY (Kitwe) |
| -- | ZCTU(02)2016/1A |
| -- | 1 |
| -- | AVAILABLE |
| -- | Nov 22, 2021 |
| -- | B4540 |
| -- | Zambiana Collection |
| 999 ## - | |
| -- | 83381 |
| -- | 83381 |
| Withdrawn status | Lost status | Source of classification or shelving scheme | Damaged status | Not for loan | Permanent Location | Current Location | Shelving location | Date acquired | Total Checkouts | Full call number | Barcode | Date last seen | Copy number | Price effective from | Koha item type |
|---|---|---|---|---|---|---|---|---|---|---|---|---|---|---|---|
| CBU-MAIN LIBRARY, KITWE. | CBU-MAIN LIBRARY, KITWE. | 10/30/2023 | ZCTU(02)2016 | B4541 | 10/30/2023 | 1 | 10/30/2023 | SPECIAL COLLECTION | |||||||
| CBU-MAIN LIBRARY, KITWE. | CBU-MAIN LIBRARY, KITWE. | 10/30/2023 | ZCTU(02)2016 | B4540 | 10/30/2023 | 2 | 10/30/2023 | SPECIAL COLLECTION |